000 00409nam a2200169 4500
003 OSt
008 241226b |||||||| |||| 00| 0 eng d
020 _a9788175346468
082 _a347.5409
_bKWA
100 _aKWATRA, G.K.
245 _aArbitration and Conciliation Law of India
250 _a7th Ed.
260 _aGurgoan
_bLexis Nexis
_c2008
300 _axxiii, 1018
650 _aCE
942 _2ddc
_cBK
999 _c12983
_d12983